Statystyki dla Królowie na polskich banknotach

Kliknij tutaj aby rozwiązać quiz!

Ogólne statystyki

  • Ten quiz został rozwiązany 118 razy
  • Średni wynik to 4 z 6

Statystyki odpowiedzi

HintOdpowiedź% Poprawnych
10 złMieszko I
96%
20 złBolesław I Chrobry
88%
50 złKazimierz III Wielki
84%
100 złWładysław II Jagiełło
69%
500 złJan III Sobieski
54%
200 złZygmunt I Stary
53%

Rozkład punktacji

Percentyl według liczby udzielonych odpowiedzi

Procent ludzi z każdym wynikiem

Twoja historia wyników

Nie rozwiązałeś tego quizu